Report on the working of the payment of wages act in the province of Madras (Record no. 496004)

000 -LEADER
fixed length control field 00442cam a22001097a 4500
008 - FIXED-LENGTH DATA ELEMENTS--GENERAL INFORMATION
fixed length control field 180718b1947 xxu||||| |||| 00| 0 eng d
082 ## - DEWEY DECIMAL CLASSIFICATION NUMBER
Classification number R2203x5452 M267r/1946
245 ## - TITLE STATEMENT
Title Report on the working of the payment of wages act in the province of Madras
Statement of responsibility, etc. by Department of Industries , Labour and Co-Operation
260 ## - PUBLICATION, DISTRIBUTION, ETC.
Place of publication, distribution, etc. New Delhi
Name of publisher, distributor, etc. Government of India
Date of publication, distribution, etc. 1947
300 ## - PHYSICAL DESCRIPTION
Extent 58p
700 ## - ADDED ENTRY--PERSONAL NAME
Personal name India.. Department of Industries , Labour and Co-Operation
Holdings
Withdrawn status Lost status Damaged status Not for loan Permanent Location Current Location Date acquired Full call number Barcode Date last seen Price effective from Koha item type
        Indian Institute of Public Administration Indian Institute of Public Administration 2018-08-04 R2203x5452 M267r/1946 GG4122 2018-08-04 2018-08-04 GG

Powered by Koha